Kusursuz enerji planı (Record no. 8577)
[ view plain ]
| 000 -BAŞLIK | |
|---|---|
| Sabit Uzunlukta Kontrol Alanı | 00664na a2200217 4500 |
| 001 - KONTROL NUMARASI | |
| Denetim Alanı | 23190 |
| 003 - KONTROL NUMARASI IDENTIFIER | |
| Denetim Alanı | MIRAKIL |
| 005 - SON İŞLEM TARİHİ VE ZAMANI | |
| Denetim Alanı | 20181213155217.0 |
| 008 - SABİT-BOY VERİ ELEMANLARI - GENEL BİLGİLER | |
| Sabit Uzunlukta Kontrol Alanı | 170803b tu 000 0 |
| 040 ## - KATALOGLAMA KAYNAK | |
| Orijinal Kataloglama Ajansı | Milas |
| Kataloglama Dili | tur |
| Metne Dönüştürmek Ajansı | TR-AnCHP |
| 041 ## - DİL KODU | |
| Metin / Ses Parça Veya Ayrı Başlığın Dil Kodu | tur |
| 110 ## - ANA GİRİŞ - KURUMSAL ADI | |
| Giriş Elemanı Olarak Kurumsal Ad Veya Yargı Alanı Adı | Çoruh, Yurttaş Mazlum |
| 245 ## - BAŞLIK TABLOSU | |
| Başlık | Kusursuz enerji planı |
| Başlığın Kalan | İnanılmaz bir mel'anetin anatomisi |
| Sorumluluk Tablosu, Vb | Yurttaş Mazlum Çoruh |
| 246 ## - UNVAN FORM VARYING | |
| Başlık Doğru / Kısa Başlığı | İnanılmaz bir mel'anetin anatomisi |
| 260 ## - YAYIN, DAĞITIM, VB | |
| Yayın, Dağıtım, Vb Yeri | İstanbul |
| Yayıncı, Dağıtıcı, Vs Adı | [yayl.y.] |
| Yayın, Dağıtım, Vb Tarihi | [t.y.] |
| Üretici Firma | G.M. Matbaacılık |
| 300 ## - FİZİKSEL TANIM | |
| Kapsam | 310 s. |
| Boyutlar | 30 sm. |
| 500 ## - GENEL NOT | |
| Genel Not | GEÇİCİ KATALOG KAYDIDIR. |
| 740 ## - KATMA GİRİŞ - KONTROLSUZ İLGİLİ / ANALİTİK BAŞLIK | |
| Kontrol Edilmeyen / İlgili Analitik Başlıktaki | İnanılmaz bir mel'anetin anatomisi |
| 942 ## - EKLENDİ GİRİŞ ELEMANLARI (KOHA) | |
| Sınıflandırma Veya Raf Düzeni Kaynak | |
| Koha Öğesi Türü | Books |
| 999 ## - SİSTEM KONTROL NUMARALARI (KOHA) | |
| Koha Biblionumber | 8577 |
| Koha Biblioitemnumber | 8577 |
| Kalıcı Konum | Mevcut Konum | Edinme Tarihi | Edinim Kaynak | Toplam Check-Out'Lar | Barkod | Tarih Son Görülme | İtibaren Geçerli Fiyatlar | Koha Öğesi Türü |
|---|---|---|---|---|---|---|---|---|
| CHP Kütüphanesi | CHP Kütüphanesi | 08/03/2017 | Bağış | 017169 | 08/03/2017 | 08/03/2017 | Books |
